[Event "X MIEDZYNARODOWY JUBILEUSZOWY FESTIWAL S"]
[Site "LAZY, OW "]
[Date "2014.06.29"]
[Round "1.26"]
[White "Wacior, Maciej"]
[Black "Antonov, Alexandr"]
[Result "0-1"]
[WhiteElo "1863"]
[BlackElo "2077"]
[PlyCount "118"]
[EventDate "2014.??.??"]

1. d4 d5 2. Nf3 Nf6 3. Bf4 e6 4. e3 c5 5. c3 Nbd7 6. Be2 Be7 7. h3 Ne4 8. Nbd2
Ndf6 9. O-O O-O 10. Qc2 b6 11. Nxe4 Nxe4 12. Nd2 Nd6 13. Bxd6 Bxd6 14. f4 cxd4
15. cxd4 Bd7 16. Bd3 Rc8 17. Qd1 Qe8 18. e4 Bb5 19. Qe2 Bxd3 20. Qxd3 Bb4 21.
f5 exf5 22. exf5 f6 23. Rae1 Qa4 24. a3 Qc2 25. Qxc2 Rxc2 26. axb4 Rxd2 27. Re7
Rxd4 28. Rxa7 Rc8 29. Re1 Re4 30. Rd1 Re5 31. Rd7 Rxf5 32. R1xd5 Rxd5 33. Rxd5
Rc6 34. b5 Re6 35. Kf2 Re5 36. Rd4 Rxb5 37. b4 Kf7 38. Ke3 Ke6 39. Rg4 g5 40.
Kd3 Rd5+ 41. Kc3 b5 42. Rd4 Ke5 43. Rg4 h5 44. Rg3 Rd4 45. Re3+ Re4 46. Rd3 f5
47. Rd8 Re3+ 48. Kc2 Re2+ 49. Kc3 Rxg2 50. Rb8 Rg3+ 51. Kc2 Rxh3 52. Rxb5+ Kf4
53. Rc5 Rh2+ 54. Kc3 g4 55. b5 g3 56. b6 Rh1 57. Kc2 g2 58. b7 Rc1+ 59. Kd2 Rb1
0-1

[Event "X MIEDZYNARODOWY JUBILEUSZOWY FESTIWAL S"]
[Site "LAZY, OW "]
[Date "2014.06.29"]
[Round "1.27"]
[White "Janik, Igor"]
[Black "Januszkiewicz, Wojciech"]
[Result "1-0"]
[WhiteElo "2071"]
[BlackElo "1852"]
[PlyCount "65"]
[EventDate "2014.??.??"]

1. e4 c5 2. Nf3 d6 3. d4 cxd4 4. Nxd4 Nf6 5. Nc3 a6 6. g3 e5 7. Nb3 Be6 8. Bg2
Be7 9. a4 O-O 10. O-O Nbd7 11. Re1 Qc7 12. Nd2 Rfd8 13. Nf1 Nb6 14. Ne3 Rac8
15. Ned5 Nbxd5 16. exd5 Bf5 17. a5 h6 18. Be3 Nd7 19. Qd2 Bg6 20. Rec1 b5 21.
axb6 Nxb6 22. Bf1 Rb8 23. b3 f5 24. Rxa6 Bf6 25. Nb5 Qd7 26. Bxb6 Bg5 27. f4
exf4 28. Bxd8 Rxd8 29. Rxd6 Qe7 30. Rxd8+ Qxd8 31. gxf4 Bh4 32. d6 Qb6+ 33. Qd4
1-0

[Event "X MIEDZYNARODOWY JUBILEUSZOWY FESTIWAL S"]
[Site "LAZY, OW "]
[Date "2014.06.30"]
[Round "2.1"]
[White "Hilarecki, Grzegorz"]
[Black "Tomczak, Jacek"]
[Result "0-1"]
[WhiteElo "2144"]
[BlackElo "2551"]
[PlyCount "98"]
[EventDate "2014.??.??"]

1. d4 Nf6 2. Nf3 g6 3. Bf4 Bg7 4. e3 d6 5. h3 O-O 6. Be2 Nbd7 7. O-O c5 8. c3
b6 9. Bh2 Bb7 10. a4 a6 11. Qb3 Qc7 12. Na3 Bc6 13. Rad1 Qb7 14. Rfe1 Rac8 15.
Nb1 b5 16. axb5 axb5 17. Nbd2 Rfe8 18. Bf1 c4 19. Qc2 Ne4 20. Ra1 e5 21. Nxe4
Bxe4 22. Qd1 Nb6 23. Nd2 Bd5 24. e4 Bc6 25. d5 Bd7 26. Kh1 Na4 27. f3 Bh6 28.
Qc2 Nc5 29. b4 cxb3 30. Nxb3 Na4 31. c4 bxc4 32. Na5 Qb2 33. Ra2 Qxc2 34. Rxc2
c3 35. Bg1 Bd2 36. Rd1 Nb2 37. Rdxd2 cxd2 38. Rxd2 Rc1 39. Rxb2 Rxf1 40. Nc4
Rc8 41. Ne3 Ra1 42. Kh2 Rcc1 43. Bf2 Rh1+ 44. Kg3 f5 45. exf5 gxf5 46. f4 Ra4
47. fxe5 f4+ 48. Kf3 fxe3 49. e6 exf2 0-1

[Event "X MIEDZYNARODOWY JUBILEUSZOWY FESTIWAL S"]
[Site "LAZY, OW "]
[Date "2014.06.30"]
[Round "2.2"]
[White "Nurkiewicz, Maciej"]
[Black "Mitura, Vaclav"]
[Result "1-0"]
[WhiteElo "2392"]
[BlackElo "2098"]
[PlyCount "79"]
[EventDate "2014.??.??"]

1. d4 d5 2. c4 c6 3. Nc3 Nf6 4. Nf3 dxc4 5. a4 Bf5 6. Ne5 e6 7. f3 c5 8. e4 Bg6
9. Bxc4 cxd4 10. Bb5+ Nfd7 11. Nxd7 Nxd7 12. Qxd4 a6 13. Be2 Nc5 14. Qxd8+ Rxd8
15. Be3 f5 16. e5 f4 17. Bxf4 Nd3+ 18. Bxd3 Rxd3 19. Rd1 Bb4 20. Ke2 Rxd1 21.
Rxd1 O-O 22. Rd4 Bxc3 23. bxc3 Be8 24. Bc1 Bc6 25. Kf2 Rc8 26. Ba3 Bd5 27. Rf4
h6 28. Bb4 Rc7 29. Rf8+ Kh7 30. a5 Kg6 31. h4 h5 32. Rh8 Rc4 33. Kg3 Rc7 34.
Kh3 Rc4 35. Rf8 Rc7 36. g4 Rc4 37. Kg3 Rc7 38. Rh8 Rf7 39. f4 hxg4 40. Kxg4 1-0

[Event "X MIEDZYNARODOWY JUBILEUSZOWY FESTIWAL S"]
[Site "LAZY, OW "]
[Date "2014.06.30"]
[Round "2.3"]
[White "Jarmula, Pawel"]
[Black "Kosiorek, Marek"]
[Result "1-0"]
[WhiteElo "2140"]
[BlackElo "2361"]
[PlyCount "93"]
[EventDate "2014.??.??"]

1. e4 c6 2. d4 d5 3. e5 Bf5 4. Nd2 e6 5. Nb3 Nd7 6. Nf3 h6 7. Be2 Bh7 8. O-O
Ne7 9. a4 Qc7 10. a5 a6 11. Bd2 c5 12. Nxc5 Nxc5 13. dxc5 Qxc5 14. b4 Qxc2 15.
Qxc2 Bxc2 16. Rfc1 Be4 17. Rc7 d4 18. Nxd4 Rd8 19. Nb3 Bc6 20. b5 Nd5 21. Rxc6
bxc6 22. b6 Ra8 23. Bxa6 Kd7 24. Bc4 Nxb6 25. axb6 Rxa1+ 26. Nxa1 Bc5 27. b7
Kc7 28. Nb3 Ba3 29. Kf1 Kxb7 30. Ke2 Ra8 31. f4 Bb2 32. Nc5+ Kc7 33. Nd3 Bd4
34. Bb4 Re8 35. Bd6+ Kd7 36. f5 Bxe5 37. Bxe5 exf5 38. Bxf7 Re7 39. Bc4 g5 40.
Kf3 Re8 41. Nc5+ Ke7 42. Bd3 Rf8 43. Bg7 Rd8 44. Bxh6 g4+ 45. Ke3 Rd5 46. Nb3
Kf6 47. Bf4 1-0

[Event "X MIEDZYNARODOWY JUBILEUSZOWY FESTIWAL S"]
[Site "LAZY, OW "]
[Date "2014.06.30"]
[Round "2.4"]
[White "Licznerski, Lukasz"]
[Black "Nowak, Lukasz"]
[Result "1-0"]
[WhiteElo "2344"]
[BlackElo "2081"]
[PlyCount "75"]
[EventDate "2014.??.??"]

1. c4 Nf6 2. Nc3 e6 3. e4 d5 4. e5 d4 5. exf6 dxc3 6. bxc3 Qxf6 7. Nf3 e5 8.
Bd3 Bg4 9. Be4 Nd7 10. Bxb7 Rb8 11. Be4 Nc5 12. Qe2 Nxe4 13. Qxe4 Bxf3 14. gxf3
Be7 15. O-O O-O 16. d3 Qd6 17. Be3 f5 18. Qd5+ Qxd5 19. cxd5 f4 20. Bc1 Rfd8
21. c4 Bc5 22. Bd2 Bd4 23. Rab1 Kf7 24. Ba5 Rxb1 25. Rxb1 Bb6 26. Bc3 Re8 27.
Re1 Bd4 28. Bxd4 exd4 29. Rxe8 Kxe8 30. Kf1 Kd7 31. Ke2 c6 32. dxc6+ Kxc6 33.
Kd2 Kc5 34. Kc2 Kb4 35. a3+ Ka4 36. Kb2 Ka5 37. Kb3 g6 38. c5 1-0

[Event "X MIEDZYNARODOWY JUBILEUSZOWY FESTIWAL S"]
[Site "LAZY, OW "]
[Date "2014.06.30"]
[Round "2.5"]
[White "Jaroch, Pawel"]
[Black "Janik, Igor"]
[Result "1-0"]
[WhiteElo "2228"]
[BlackElo "2071"]
[PlyCount "63"]
[EventDate "2014.??.??"]

1. d4 Nf6 2. c4 g6 3. Nf3 Bg7 4. Nc3 d6 5. g3 O-O 6. Bg2 Nbd7 7. O-O e5 8. e4
exd4 9. Nxd4 Re8 10. h3 Nc5 11. Re1 h6 12. b3 Nfd7 13. Be3 c6 14. Qd2 Qf6 15.
f4 Nf8 16. Rad1 Nce6 17. Nde2 Rd8 18. Rf1 Nh7 19. f5 Nc7 20. Bxh6 g5 21. Bxg7
Kxg7 22. Qd4 c5 23. Qxf6+ Kxf6 24. Nd5+ Nxd5 25. Rxd5 Ke7 26. Rfd1 Nf6 27. R5d2
Rd7 28. Nc3 a6 29. Na4 Rb8 30. Nb6 Rd8 31. e5 Ne8 32. g4 1-0

[Event "X MIEDZYNARODOWY JUBILEUSZOWY FESTIWAL S"]
[Site "LAZY, OW "]
[Date "2014.06.30"]
[Round "2.6"]
[White "Antonov, Alexandr"]
[Black "Zielinski, Wojciech"]
[Result "1/2-1/2"]
[WhiteElo "2077"]
[BlackElo "2185"]
[PlyCount "201"]
[EventDate "2014.??.??"]

1. e4 e6 2. d4 d5 3. Nd2 Nf6 4. e5 Nfd7 5. Ngf3 c5 6. c3 Nc6 7. Bd3 Qb6 8. O-O
cxd4 9. cxd4 Nxd4 10. Nxd4 Qxd4 11. Nf3 Qb6 12. Qa4 Be7 13. Qg4 g6 14. b3 Qb4
15. Qxb4 Bxb4 16. Bf4 Nc5 17. Be2 Ne4 18. Bd3 Bd7 19. a3 Bc3 20. Rac1 Bb2 21.
Rc7 Bc6 22. b4 Bxa3 23. b5 Bd7 24. Ra1 Be7 25. Rxb7 Nc5 26. Rbxa7 Rxa7 27. Rxa7
Nxd3 28. Ra8+ Bd8 29. Bg5 O-O 30. Rxd8 Rxd8 31. Bxd8 Bxb5 32. Bb6 Nf4 33. g3
Ne2+ 34. Kg2 Bd3 35. Nd4 Nc3 36. Kf3 Bf1 37. Ke3 Nd1+ 38. Kd2 Nb2 39. Bd8 Nc4+
40. Ke1 Bd3 41. f4 Be4 42. Be7 Kg7 43. Kf2 h6 44. h4 Bf5 45. Ke2 Bg4+ 46. Kf2
Nd2 47. Kg1 Ne4 48. Kg2 f6 49. Bxf6+ Nxf6 50. exf6+ Kxf6 51. Kf2 e5 52. fxe5+
Kxe5 53. Ke3 Bd7 54. Nf3+ Kf5 55. Nd4+ Kg4 56. Kf2 Bf5 57. Kg2 Be4+ 58. Kf2 Bh1
59. Ne2 Bf3 60. Nd4 Be4 61. Ne2 Kf5 62. Ke3 h5 63. Nd4+ Ke5 64. Ne2 Kd6 65. Kd4
Ke6 66. Ke3 Ke5 67. Nd4 Kd6 68. Kd2 Bb1 69. Ne2 Kc5 70. Kc3 Bf5 71. Nd4 Bc8 72.
Kd3 Ba6+ 73. Kc3 Bc8 74. Kd3 Kd6 75. Nf3 Bg4 76. Nd4 Ke5 77. Ke3 Bf5 78. Ne2
Bc2 79. Nd4 Be4 80. Ne2 Kf5 81. Nd4+ Kg4 82. Kf2 Bb1 83. Kg2 Bd3 84. Kf2 Be4
85. Ne2 Kf5 86. Ke3 Ke5 87. Nd4 Kd6 88. Kd2 Kc5 89. Kc3 Bb1 90. Ne2 d4+ 91.
Nxd4 Kd5 92. Nf3 Ke4 93. Nd2+ Ke3 94. Nxb1 Kf3 95. Kd3 Kxg3 96. Ke3 Kxh4 97.
Kf2 Kh3 98. Nd2 g5 99. Nf3 g4 100. Ng1+ Kh4 101. Nf3+ 1/2-1/2

[Event "X MIEDZYNARODOWY JUBILEUSZOWY FESTIWAL S"]
[Site "LAZY, OW "]
[Date "2014.06.30"]
[Round "2.7"]
[White "Eggink, Mateusz"]
[Black "Walter, Szymon"]
[Result "1-0"]
[WhiteElo "2164"]
[BlackElo "1977"]
[PlyCount "115"]
[EventDate "2014.??.??"]

1. e4 c5 2. Nf3 d6 3. d4 cxd4 4. Nxd4 Nf6 5. Nc3 g6 6. Be3 Bg7 7. f3 O-O 8. Qd2
Nc6 9. Bc4 Bd7 10. O-O-O Rc8 11. Bb3 Nxd4 12. Bxd4 b5 13. Bxa7 b4 14. Nd5 Nxd5
15. Qxd5 Bc6 16. Qg5 Bf6 17. Qe3 Qa5 18. h4 Ba4 19. Bd4 Bxd4 20. Rxd4 Rc5 21.
Rc4 Bxb3 22. Qxb3 Rb5 23. Rc6 Ra8 24. Kb1 Rb7 25. Qc4 Kg7 26. c3 Rab8 27. Rc1
bxc3 28. b3 f6 29. Rxc3 Ra8 30. Qe2 Rba7 31. a4 Rb7 32. R6c4 Rab8 33. Kc2 Rb4
34. f4 Kf7 35. g3 Kg7 36. Qe3 Rxc4 37. Rxc4 Rb4 38. Rxb4 Qxb4 39. e5 d5 40.
exf6+ exf6 41. g4 d4 42. Qd2 Qc5+ 43. Kd3 Qd5 44. Kc2 Qc5+ 45. Kb2 f5 46. gxf5
gxf5 47. a5 Qd5 48. a6 d3 49. a7 Kg6 50. a8=Q Qxa8 51. Qxd3 Qg2+ 52. Kc3 Qc6+
53. Kd4 Qd6+ 54. Ke3 Qc5+ 55. Kf3 Qc6+ 56. Kg3 Qc5 57. Kh3 Kh6 58. Qg3 1-0

[Event "X MIEDZYNARODOWY JUBILEUSZOWY FESTIWAL S"]
[Site "LAZY, OW "]
[Date "2014.06.30"]
[Round "2.8"]
[White "Lebiedowicz, Borys"]
[Black "Jacek, Krystian"]
[Result "0-1"]
[WhiteElo "1833"]
[BlackElo "2148"]
[PlyCount "48"]
[EventDate "2014.??.??"]

1. e4 c5 2. Nf3 e6 3. d4 cxd4 4. Nxd4 Nf6 5. Nc3 d6 6. Bg5 h6 7. Bxf6 Qxf6 8.
Bb5+ Nd7 9. Bxd7+ Bxd7 10. Ndb5 Bxb5 11. Nxb5 Qd8 12. O-O a6 13. Nd4 Be7 14.
Qd3 O-O 15. Rad1 Rc8 16. c3 Qb6 17. Qd2 Bf6 18. b3 Rfd8 19. Rfe1 Qc7 20. c4 d5
21. cxd5 exd5 22. exd5 Rxd5 23. Re4 Rcd8 24. Qe3 Qd7 0-1

[Event "X MIEDZYNARODOWY JUBILEUSZOWY FESTIWAL S"]
[Site "LAZY, OW "]
[Date "2014.06.30"]
[Round "2.9"]
[White "Warakomski, Tomasz"]
[Black "Krainski, Slawomir"]
[Result "1-0"]
[WhiteElo "2505"]
[BlackElo "2039"]
[PlyCount "65"]
[EventDate "2014.??.??"]

1. e4 e5 2. Nf3 Nc6 3. Bb5 a6 4. Ba4 Nf6 5. O-O Be7 6. Re1 b5 7. Bb3 d6 8. a4
Bb7 9. d3 O-O 10. Bd2 Rb8 11. axb5 axb5 12. Nc3 Ba8 13. Nd5 Nxd5 14. exd5 Nd4
15. Nxd4 exd4 16. Ra7 Bf6 17. Qa1 Qc8 18. Qa5 c5 19. dxc6 Qxc6 20. f3 Bb7 21.
Qb4 Bh4 22. Re4 Bd8 23. Bf4 Bb6 24. Ra1 Bc5 25. Qe1 Rbe8 26. Bd5 Rxe4 27. fxe4
Qc8 28. b4 Bb6 29. Qg3 Re8 30. Bh6 g6 31. Qxd6 Bxd5 32. Qf6 Bd8 33. Qg7# 1-0

[Event "X MIEDZYNARODOWY JUBILEUSZOWY FESTIWAL S"]
[Site "LAZY, OW "]
[Date "2014.06.30"]
[Round "2.10"]
[White "Mazalon, Mariusz"]
[Black "Shishkin, Vadim"]
[Result "0-1"]
[WhiteElo "2043"]
[BlackElo "2489"]
[PlyCount "112"]
[EventDate "2014.??.??"]

1. e4 c5 2. Nf3 Nc6 3. c3 d5 4. exd5 Qxd5 5. d4 Bg4 6. Be2 cxd4 7. cxd4 e6 8.
Nc3 Qa5 9. O-O Nf6 10. h3 Bh5 11. Be3 Bd6 12. a3 O-O 13. b4 Qd8 14. Qb3 Ne7 15.
Bg5 Nfd5 16. Nxd5 exd5 17. Bxe7 Bxe7 18. Rfe1 Rc8 19. Ne5 Bxe2 20. Rxe2 Bf6 21.
Rd1 Re8 22. Re3 Bg5 23. Rc3 Rxc3 24. Qxc3 f6 25. Nf3 Bf4 26. Re1 Rxe1+ 27. Qxe1
Qd7 28. g3 Bd6 29. Kg2 Kf7 30. Qc3 Qe6 31. Nd2 h5 32. h4 g5 33. hxg5 fxg5 34.
Nf3 Kf6 35. Qd2 Qf5 36. Nh2 Qe4+ 37. f3 Qh7 38. Nf1 h4 39. Ne3 hxg3 40. Ng4+
Ke6 41. Qc1 Qc7 42. Qb1 Qg7 43. Qd3 a6 44. Qc3 Kd7 45. Qd3 Qf7 46. b5 a5 47. b6
Kc6 48. a4 Kxb6 49. Qb5+ Kc7 50. Qxa5+ Kc8 51. Ne5 Qh7 52. Kxg3 Qh4+ 53. Kg2
Qxd4 54. Nf7 Qb2+ 55. Kh3 Qh2+ 56. Kg4 Qf4+ 0-1

[Event "X MIEDZYNARODOWY JUBILEUSZOWY FESTIWAL S"]
[Site "LAZY, OW "]
[Date "2014.06.30"]
[Round "2.11"]
[White "Harazinska, Ewa"]
[Black "Sharapov, Evgeny"]
[Result "0-1"]
[WhiteElo "2062"]
[BlackElo "2377"]
[PlyCount "82"]
[EventDate "2014.??.??"]

1. d4 Nf6 2. c4 c5 3. d5 b5 4. Qc2 bxc4 5. e4 e6 6. Nc3 Bb7 7. Bxc4 exd5 8.
exd5 Be7 9. Nge2 O-O 10. O-O d6 11. b3 Nbd7 12. Rd1 Nb6 13. a4 Rb8 14. Ng3 g6
15. Bf4 Re8 16. Bb5 Nfxd5 17. Nxd5 Nxd5 18. Bh6 Nb4 19. Qd2 Bc6 20. Bf4 Bxb5
21. axb5 Rxb5 22. Ne4 d5 23. Nc3 Rb7 24. Nxd5 Nxd5 25. Qxd5 Qxd5 26. Rxd5 Rxb3
27. Re5 f6 28. Re6 Rb7 29. Rae1 Kf7 30. g4 Rc8 31. Ra6 c4 32. Ree6 g5 33. Be3
c3 34. Rec6 Rbc7 35. Rxc7 Rxc7 36. Bxa7 c2 37. Be3 c1=Q+ 38. Bxc1 Rxc1+ 39. Kg2
Rc2 40. Ra7 Ke6 41. Ra6+ Ke5 0-1

[Event "X MIEDZYNARODOWY JUBILEUSZOWY FESTIWAL S"]
[Site "LAZY, OW "]
[Date "2014.06.30"]
[Round "2.12"]
[White "Rudolf, Michal"]
[Black "Lukasiewicz, Anna"]
[Result "1-0"]
[WhiteElo "2363"]
[BlackElo "2062"]
[PlyCount "71"]
[EventDate "2014.??.??"]

1. d4 d5 2. c4 e6 3. Nc3 Nf6 4. cxd5 exd5 5. Bg5 Be7 6. e3 c6 7. Bd3 O-O 8. Qc2
Nbd7 9. Nf3 Re8 10. O-O Nf8 11. h3 Nh5 12. Bxe7 Qxe7 13. Rae1 Be6 14. Ne5 Qh4
15. f4 Ng3 16. Qf2 Bf5 17. e4 dxe4 18. Bc4 Be6 19. Nxe4 Bxc4 20. Nxc4 Nf5 21.
Qxh4 Nxh4 22. f5 Red8 23. Rf4 Nxf5 24. Rxf5 Rxd4 25. Ncd6 f6 26. Rf4 Rd5 27.
Nxb7 Rb5 28. Nec5 Ng6 29. Rd4 Ne5 30. b3 Rb8 31. Rxe5 fxe5 32. Rd7 e4 33. a4
Rb4 34. Nd6 Rxb3 35. Nxb3 Rxb3 36. Rd8# 1-0

[Event "X MIEDZYNARODOWY JUBILEUSZOWY FESTIWAL S"]
[Site "LAZY, OW "]
[Date "2014.06.30"]
[Round "2.13"]
[White "Szostko, Jakub"]
[Black "Pazderski, Ziemowit"]
[Result "1/2-1/2"]
[WhiteElo "2002"]
[BlackElo "2262"]
[PlyCount "69"]
[EventDate "2014.??.??"]

1. Nf3 c5 2. c4 g6 3. g3 Bg7 4. Bg2 Nc6 5. O-O e6 6. Nc3 Nge7 7. e3 d5 8. cxd5
exd5 9. d4 cxd4 10. Nxd4 O-O 11. Nde2 Bg4 12. h3 Bxe2 13. Nxe2 Qd7 14. Qb3 Na5
15. Qd3 Rfd8 16. Rb1 Qa4 17. Nc3 Bxc3 18. Qxc3 Qxa2 19. b4 Nc4 20. Ra1 Qe2 21.
Re1 Qh5 22. g4 Qe5 23. Bb2 Qxc3 24. Bxc3 Rd6 25. Red1 a6 26. b5 Rad8 27. Bb4
Re6 28. Bxe7 Rxe7 29. bxa6 bxa6 30. Rxa6 Red7 31. Rd4 Kf8 32. e4 Rb8 33. exd5
Rb1+ 34. Kh2 Nd6 35. Rd2 1/2-1/2

[Event "X MIEDZYNARODOWY JUBILEUSZOWY FESTIWAL S"]
[Site "LAZY, OW "]
[Date "2014.06.30"]
[Round "2.14"]
[White "Nowicki, Bartosz"]
[Black "Karpus, Michal"]
[Result "1-0"]
[WhiteElo "2256"]
[BlackElo "1943"]
[PlyCount "85"]
[EventDate "2014.??.??"]

1. d4 Nf6 2. c4 g6 3. Nc3 Bg7 4. e4 d6 5. h3 O-O 6. Nf3 e5 7. d5 a5 8. Bg5 Na6
9. Nd2 Nc5 10. Be2 Qe8 11. g4 c6 12. h4 cxd5 13. cxd5 Bd7 14. a4 Qc8 15. f3 h6
16. Be3 Nh7 17. Nc4 Qc7 18. Ra3 f5 19. h5 f4 20. hxg6 Ng5 21. Bf2 Rab8 22. Nb5
Bxb5 23. axb5 b6 24. Qa1 Ncxe4 25. fxe4 Nxe4 26. Qb1 Nxf2 27. Kxf2 Qc5+ 28. Kf3
e4+ 29. Qxe4 Rbe8 30. Qd3 Bxb2 31. Rb3 Bd4 32. Kg2 f3+ 33. Bxf3 a4 34. Ra3 Rxf3
35. Qxf3 Rf8 36. Qe4 Rf2+ 37. Kh3 Qxc4 38. Rd3 Rf4 39. Qxf4 Qxd3+ 40. Kh4 Bg7
41. Qf7+ Kh8 42. Qe8+ Bf8 43. Qxf8# 1-0

[Event "X MIEDZYNARODOWY JUBILEUSZOWY FESTIWAL S"]
[Site "LAZY, OW "]
[Date "2014.06.30"]
[Round "2.15"]
[White "Poswiatowski, Michal"]
[Black "Plichta, Kamil"]
[Result "0-1"]
[WhiteElo "2013"]
[BlackElo "2247"]
[PlyCount "108"]
[EventDate "2014.??.??"]

1. e4 c5 2. Nf3 g6 3. c3 Bg7 4. h3 d5 5. e5 d4 6. cxd4 cxd4 7. Bb5+ Bd7 8. Qb3
Nc6 9. O-O a6 10. Bc4 e6 11. Re1 Nge7 12. Na3 O-O 13. Re4 Qc7 14. Nxd4 Nxd4 15.
Rxd4 Nf5 16. Re4 Bc6 17. Re1 Bxe5 18. Bf1 Bh2+ 19. Kh1 Qf4 20. Qb6 Qc7 21. Qxc7
Bxc7 22. d3 Ba5 23. Rd1 Bb6 24. Kg1 Rac8 25. Bf4 Bd4 26. Rab1 Bd5 27. b3 b5 28.
Bc1 Rc7 29. Bb2 Bxb2 30. Rxb2 Nd4 31. f3 Rfc8 32. Kf2 e5 33. Ke1 Kg7 34. Kd2
Kf6 35. Be2 h5 36. Rf1 h4 37. Bd1 Kg5 38. Ke3 Nf5+ 39. Kf2 Kf4 40. Nc2 Rc3 41.
Re1 f6 42. Kg1 a5 43. Na3 b4 44. Nc4 Bxc4 45. dxc4 Rd8 46. Bc2 Rd2 47. Re4+ Kg5
48. Rg4+ Kh5 49. Bxf5 Rxb2 50. Bxg6+ Kh6 51. Bf5 Rxa2 52. Rg6+ Kh5 53. Rxf6
Rc1+ 54. Kh2 Raa1 0-1

[Event "X MIEDZYNARODOWY JUBILEUSZOWY FESTIWAL S"]
[Site "LAZY, OW "]
[Date "2014.06.30"]
[Round "2.16"]
[White "Chylewski, Patryk"]
[Black "Krainski, Aleksander"]
[Result "0-1"]
[WhiteElo "1909"]
[BlackElo "2212"]
[PlyCount "106"]
[EventDate "2014.??.??"]

1. d4 d5 2. c4 e6 3. Nc3 Nf6 4. cxd5 exd5 5. Bg5 Be7 6. e3 Nbd7 7. Bd3 O-O 8.
Nf3 b6 9. O-O Bb7 10. Rc1 Ne4 11. Bxe7 Qxe7 12. Qe2 a6 13. Rfd1 c5 14. Bb1 Rfd8
15. dxc5 Nxc3 16. Rxc3 bxc5 17. Qc2 g6 18. b3 Rac8 19. Qb2 a5 20. h3 Qf6 21.
Rc2 d4 22. exd4 Bxf3 23. gxf3 Ne5 24. Qc3 Nxf3+ 25. Kg2 Nxd4 26. Rcd2 h5 27.
Qg3 Rd5 28. h4 Re8 29. Bd3 Rde5 30. Rc1 Qc6+ 31. f3 Re3 32. Rf1 Qd7 33. Bc4 Kh7
34. Qf4 R8e7 35. Qg5 R3e5 36. Qg3 Rf5 37. Bd3 Rf6 38. Be4 Rd6 39. Rfd1 f5 40.
Bb1 Rde6 41. Bd3 Re3 42. Rf2 Qc6 43. Bc4 a4 44. bxa4 Qxa4 45. Bb3 Qa6 46. Qb8
Qf6 47. Qg8+ Kh6 48. Qc8 Re2 49. Rd2 Rxf2+ 50. Rxf2 f4 51. Bd5 Nf5 52. Qxc5
Qxh4 53. Rc2 Qg3+ 0-1

[Event "X MIEDZYNARODOWY JUBILEUSZOWY FESTIWAL S"]
[Site "LAZY, OW "]
[Date "2014.06.30"]
[Round "2.17"]
[White "Snihur, Piotr"]
[Black "Tomaszewski, Kacper"]
[Result "1/2-1/2"]
[WhiteElo "2147"]
[BlackElo "2012"]
[PlyCount "53"]
[EventDate "2014.??.??"]

1. e4 c6 2. d4 d5 3. Nc3 dxe4 4. Nxe4 Bf5 5. Ng3 Bg6 6. h4 h6 7. Nf3 Nd7 8. h5
Bh7 9. Bd3 Bxd3 10. Qxd3 e6 11. Bf4 Qa5+ 12. Bd2 Bb4 13. c3 Be7 14. c4 Qc7 15.
O-O-O Ngf6 16. Ne4 Nxe4 17. Qxe4 O-O-O 18. g3 Nf6 19. Qe2 c5 20. Bf4 Bd6 21.
Bxd6 Rxd6 22. dxc5 Rxd1+ 23. Rxd1 Qxc5 24. Ne5 Qc7 25. f4 Rd8 26. Rxd8+ Kxd8
27. g4 1/2-1/2

[Event "X MIEDZYNARODOWY JUBILEUSZOWY FESTIWAL S"]
[Site "LAZY, OW "]
[Date "2014.06.30"]
[Round "2.18"]
[White "Smolka, Marcin"]
[Black "Antolak, Julia"]
[Result "0-1"]
[WhiteElo "2089"]
[BlackElo "1869"]
[PlyCount "92"]
[EventDate "2014.??.??"]

1. e4 c5 2. b3 Nf6 3. e5 Nd5 4. Bc4 Nb6 5. Be2 Nc6 6. Bb2 e6 7. Nf3 Be7 8. c4
O-O 9. Nc3 f6 10. a4 a5 11. Ne4 fxe5 12. Nxe5 Nxe5 13. Bxe5 d6 14. Bg3 d5 15.
Nc3 Bf6 16. O-O Bd7 17. Bd6 Be7 18. Bxe7 Qxe7 19. cxd5 exd5 20. d4 Rac8 21. Bf3
cxd4 22. Nxd5 Qc5 23. Rc1 Qxc1 24. Qxc1 Rxc1 25. Rxc1 Rxf3 26. Nxb6 Rc3 27. Rd1
Be6 28. f4 Rxb3 29. f5 Bxf5 30. Nc4 d3 31. Nxa5 Rb4 32. Kf2 Rxa4 33. Nxb7 Ra2+
34. Kf3 Ra4 35. Kf2 Rf4+ 36. Kg3 Rg4+ 37. Kf2 Be4 38. Nc5 Rxg2+ 39. Ke3 Re2+
40. Kf4 Bg6 41. h3 d2 42. Nb3 Re4+ 43. Kg5 Rb4 44. Nxd2 Bc2 45. Rc1 h6+ 46. Kh5
Kh7 0-1

[Event "X MIEDZYNARODOWY JUBILEUSZOWY FESTIWAL S"]
[Site "LAZY, OW "]
[Date "2014.06.30"]
[Round "2.19"]
[White "Niekras, Dawid"]
[Black "Adamowicz, Maciej"]
[Result "1/2-1/2"]
[WhiteElo "1981"]
[BlackElo "2089"]
[PlyCount "68"]
[EventDate "2014.??.??"]

1. e4 g6 2. d4 Bg7 3. Nc3 d6 4. f4 Nd7 5. Nf3 a6 6. Bd3 b5 7. e5 e6 8. Be3 Bb7
9. Qe2 Ne7 10. a3 Nb6 11. O-O-O Qd7 12. g4 O-O-O 13. Rhg1 d5 14. Nd2 Nc4 15.
Nb3 h5 16. Nc5 Qc6 17. h3 hxg4 18. hxg4 Rh3 19. Bf2 Bh6 20. g5 Bg7 21. Rh1 Rdh8
22. Rxh3 Rxh3 23. Qg4 Rh7 24. Qg2 Qe8 25. a4 c6 26. axb5 axb5 27. b3 Nb6 28.
Kb2 Nd7 29. Nxd7 Kxd7 30. Ra1 Qd8 31. Ne2 Nc8 32. Ng3 Qh8 33. Rh1 Rxh1 34. Nxh1
Qxh1 1/2-1/2

[Event "X MIEDZYNARODOWY JUBILEUSZOWY FESTIWAL S"]
[Site "LAZY, OW "]
[Date "2014.06.30"]
[Round "2.20"]
[White "Madynski, Pawel"]
[Black "Filewicz, Przemyslaw"]
[Result "1-0"]
[WhiteElo "2086"]
[BlackElo "1924"]
[PlyCount "55"]
[EventDate "2014.??.??"]

1. Nf3 Nf6 2. c4 g6 3. b3 Bg7 4. Bb2 O-O 5. g3 d6 6. d4 c5 7. Bg2 Nc6 8. d5 Na5
9. Nbd2 a6 10. O-O b5 11. e4 bxc4 12. bxc4 Rb8 13. Bc3 Bd7 14. Qc1 Ng4 15. Bxg7
Kxg7 16. Rb1 Rxb1 17. Qc3+ e5 18. dxe6+ f6 19. Rxb1 Bxe6 20. Ng5 Bg8 21. f4
Nxc4 22. Nxc4 Bxc4 23. Rb7+ Rf7 24. Qxc4 Rxb7 25. Ne6+ Kh6 26. Nxd8 Rb1+ 27.
Bf1 Ne3 28. Qd3 1-0

[Event "X MIEDZYNARODOWY JUBILEUSZOWY FESTIWAL S"]
[Site "LAZY, OW "]
[Date "2014.06.30"]
[Round "2.21"]
[White "Kovalev, Egor"]
[Black "Pilzak, Marcin"]
[Result "1-0"]
[WhiteElo "2187"]
[BlackElo "1968"]
[PlyCount "95"]
[EventDate "2014.??.??"]

1. d4 Nf6 2. c4 e6 3. g3 d5 4. Bg2 Be7 5. Nf3 Nbd7 6. Qc2 O-O 7. O-O dxc4 8.
Qxc4 c5 9. Rd1 a6 10. Qc2 Qb6 11. Nc3 cxd4 12. Nxd4 Rd8 13. h3 Ne5 14. Na4 Qb4
15. a3 Qc4 16. Qxc4 Nxc4 17. b3 Bd7 18. Bxb7 Ra7 19. Nc6 Bxc6 20. Rxd8+ Bxd8
21. Bxc6 Na5 22. Be3 Nxc6 23. Rc1 Rc7 24. Bb6 Nd4 25. Rxc7 Nxe2+ 26. Kf1 Bxc7
27. Bxc7 Nd4 28. Nc5 Ne8 29. Be5 Nc6 30. Bc3 Nc7 31. Ke2 f6 32. Kd3 Kf7 33. Kc4
Ke7 34. b4 Na7 35. a4 Kd6 36. Bd4 Nc6 37. Nb7+ Kd7 38. Bc3 Nd5 39. Nc5+ Kd6 40.
Nxa6 Nb6+ 41. Kb3 Kd5 42. b5 Nd4+ 43. Bxd4 Kxd4 44. a5 Nc4 45. Kb4 Nd6 46. Nc5
Nc8 47. b6 Ne7 48. a6 1-0

[Event "X MIEDZYNARODOWY JUBILEUSZOWY FESTIWAL S"]
[Site "LAZY, OW "]
[Date "2014.06.30"]
[Round "2.22"]
[White "Betkowski, Andrzej"]
[Black "Sawicki, Mikolaj"]
[Result "1-0"]
[WhiteElo "2064"]
[BlackElo "1965"]
[PlyCount "61"]
[EventDate "2014.??.??"]

1. e4 g6 2. d4 Bg7 3. Nc3 c6 4. h4 h5 5. Be3 d5 6. e5 Bf5 7. Qd2 Nd7 8. Nf3 Nh6
9. Bd3 Nf8 10. Ng5 Qd7 11. Ne2 Ng4 12. Bf4 Bxd3 13. Qxd3 Ne6 14. f3 Nh6 15.
O-O-O O-O-O 16. Qa3 Kb8 17. Bd2 Nxg5 18. hxg5 Nf5 19. g4 hxg4 20. fxg4 Nxd4 21.
Nxd4 Bxe5 22. Be3 Bd6 23. Qa4 e5 24. Nb3 d4 25. Rxh8 Rxh8 26. Nxd4 Rh3 27. Nf5
gxf5 28. Qxa7+ Kc8 29. Qa8+ Kc7 30. Ba7 Ra3 31. Qb8# 1-0

[Event "X MIEDZYNARODOWY JUBILEUSZOWY FESTIWAL S"]
[Site "LAZY, OW "]
[Date "2014.06.30"]
[Round "2.23"]
[White "Zylka, Stanislaw"]
[Black "Zolobowski, Grzegorz"]
[Result "1-0"]
[WhiteElo "1939"]
[BlackElo "2046"]
[PlyCount "79"]
[EventDate "2014.??.??"]

1. e4 c6 2. d4 d5 3. Nc3 g6 4. Nf3 Bg7 5. h3 dxe4 6. Nxe4 Nd7 7. Bd3 Ngf6 8.
Nxf6+ Nxf6 9. O-O O-O 10. c3 Qc7 11. Re1 Nd5 12. Bg5 Be6 13. Qd2 Rad8 14. Bh6
Qc8 15. Re4 Bf5 16. Rh4 Bxd3 17. Bxg7 Kxg7 18. Qxd3 h5 19. Re1 e6 20. Qd2 Rh8
21. Ng5 Nf6 22. Qf4 Qb8 23. Qf3 Rd5 24. Qe3 Rf5 25. g3 Nd5 26. Qd2 Qd8 27. f4
Qd6 28. Qf2 Ne7 29. Ne4 Qc7 30. Ng5 Qd6 31. Re5 Qd7 32. g4 Rxe5 33. fxe5 Nd5
34. gxh5 Qe7 35. Qg3 Kf8 36. hxg6 Rg8 37. g7+ Rxg7 38. Rh8+ Rg8 39. Rxg8+ Kxg8
40. Nxe6+ 1-0